<?xml version="1.0" encoding="UTF-8"?><?xml-stylesheet type="text/xsl" href="static/style.xsl"?><OAI-PMH xmlns="http://www.openarchives.org/OAI/2.0/" xmlns:xsi="http://www.w3.org/2001/XMLSchema-instance" xsi:schemaLocation="http://www.openarchives.org/OAI/2.0/ http://www.openarchives.org/OAI/2.0/OAI-PMH.xsd"><responseDate>2026-04-27T14:10:49Z</responseDate><request verb="GetRecord" identifier="oai:riubu.ubu.es:10259/4586" metadataPrefix="marc">https://riubu.ubu.es/oai/request</request><GetRecord><record><header><identifier>oai:riubu.ubu.es:10259/4586</identifier><datestamp>2022-04-29T12:02:48Z</datestamp><setSpec>com_10259.4_2560</setSpec><setSpec>com_10259_5086</setSpec><setSpec>com_10259_2604</setSpec><setSpec>col_10259.4_2561</setSpec></header><metadata><record xmlns="http://www.loc.gov/MARC21/slim" xmlns:doc="http://www.lyncode.com/xoai" xmlns:xsi="http://www.w3.org/2001/XMLSchema-instance" xmlns:dcterms="http://purl.org/dc/terms/" xsi:schemaLocation="http://www.loc.gov/MARC21/slim http://www.loc.gov/standards/marcxml/schema/MARC21slim.xsd">
<leader>00925njm 22002777a 4500</leader>
<datafield tag="042" ind1=" " ind2=" ">
<subfield code="a">dc</subfield>
</datafield>
<datafield tag="720" ind1=" " ind2=" ">
<subfield code="a">Calvo Rathert, Manuel</subfield>
<subfield code="e">author</subfield>
</datafield>
<datafield tag="720" ind1=" " ind2=" ">
<subfield code="a">Morales Contreras, Juan J.</subfield>
<subfield code="e">author</subfield>
</datafield>
<datafield tag="720" ind1=" " ind2=" ">
<subfield code="a">Carrancho Alonso, Ángel</subfield>
<subfield code="e">author</subfield>
</datafield>
<datafield tag="720" ind1=" " ind2=" ">
<subfield code="a">Goguitchaichvili, Avto</subfield>
<subfield code="e">author</subfield>
</datafield>
<datafield tag="260" ind1=" " ind2=" ">
<subfield code="c">2016-09</subfield>
</datafield>
<datafield tag="520" ind1=" " ind2=" ">
<subfield code="a">Sixteen Miocene, Pleistocene, and historic lava flows have been sampled in Lanzarote (Canary&#xd;
Islands) for paleointensity analysis with both the Coe and multispecimen methods. Besides obtaining new&#xd;
data, the main goal of the study was the comparison of paleointensity results determined with two different&#xd;
techniques. Characteristic Remanent Magnetization (ChRM) directions were obtained in 15 flows, and&#xd;
12 were chosen for paleointensity determination. In Thellier-type experiments, a selection of reliable&#xd;
paleointensity determinations (43 of 78 studied samples) was performed using sets of criteria of different&#xd;
stringency, trying to relate the quality of results to the strictness of the chosen criteria. Uncorrected and&#xd;
fraction and domain-state corrected multispecimen paleointensity results were obtained in all flows. Results&#xd;
with the Coe method on historical flows either agree with the expected values or show moderately lower&#xd;
ones, but multispecimen determinations display a large deviation from the expected result in one case. No&#xd;
relation can be detected between correct or anomalous results and paleointensity determination quality or&#xd;
rock-magnetic properties. However, results on historical flows suggest that agreement between both&#xd;
methods could be a good indicator of correct determinations. Comparison of results obtained with both&#xd;
methods on seven Pleistocene flows yields an excellent agreement in four and disagreements in three&#xd;
cases. Pleistocene determinations were only accepted if either results from both methods agreed or a result&#xd;
was based on a sufficiently large number (n>4) of individual Thellier-type determinations. In most&#xd;
Pleistocene flows, a VADM around 5 31022 Am2 was observed, although two flows displayed higher values&#xd;
around 931022 Am2.</subfield>
</datafield>
<datafield tag="024" ind2=" " ind1="8">
<subfield code="a">1525-2027</subfield>
</datafield>
<datafield tag="024" ind2=" " ind1="8">
<subfield code="a">http://hdl.handle.net/10259/4586</subfield>
</datafield>
<datafield tag="024" ind2=" " ind1="8">
<subfield code="a">10.1002/2016GC006396</subfield>
</datafield>
<datafield tag="245" ind1="0" ind2="0">
<subfield code="a">A comparison of Thellier-type and multispecimen paleointensity determinations on Pleistocene and historical lava flows from Lanzarote (Canary Islands, Spain)</subfield>
</datafield>
</record></metadata></record></GetRecord></OAI-PMH>